Random Indian People by Picture - Statistics

General Stats
  • This quiz has been taken 46 times
  • The average score is 4 of 9
Answer Stats
Picture Answer % Correct
Mohandas Gandhi
100%
Narendra Modi
100%
Sachin Tendulkar
83%
Mukesh Ambani
80%
Pusarla Venkata Sindhu
80%
Bhagat Singh
75%
Salman Khan
75%
Teresa Bojaxhiu
67%
Indira Gandhi
63%
Lata Mangeshkar
63%
Kapil Dev
60%
Ratan Tata
60%
Swami Vivekananda
60%
Jawalahral Nehru
56%
Sardar Vallabhbhai Patel
50%
Bhimrao Ramji Ambedkar
43%
Hrithik Roshan
42%
Bal Gangadhar Tilak
40%
Amitabh Bachchan
33%
Mary Kom
33%
Rabindranath Tagore
33%
Rajendra Prasad
33%
Satyajit Ray
33%
S. P. Balasubrahmanyam
33%
Subhash Chandra Bose
29%
Allah Rakha Rahman
25%
Kalpana Chawla
25%
Nissankara Savitri
25%
Ram Nath Kovind
25%
Satya Nadella
22%
S. S. Rajamouli
20%
Bachendri Pal
11%
A.V. Abdul Kalam
0%
Gurram Jashuva
0%
Homi Bhabha
0%
M. S. Subbalakshmi
0%
P. V. Narasimha Rao
0%
Sunil Mittal
0%
Viswanathan Anand
0%
No matching quizzes found
Score Distribution
Percent of People with Each Score
Percentile by Number Answered
Your Score History
You have not taken this quiz